000 00752cam0a220024100 4500
001 zam00002384
008 951128s1965 xx eng u
035 _a(Sirsi) r19760
035 _a(MACHINE)SLC.
100 _aNkrumah, K.
_6A80768.1
245 1 0 _aNeo-colonialsim :
_bthe last stage of imperialism.
260 _c1965.
949 _aHC502
_wlcc
_i33729001477863
_mMAIN
_p2500
_tSHORTLOAN
_lSHORTLOAN
949 _aHC502
_wlcc
_i-17903
_mMAIN
_tBOOK
_lON-SHELF
004 19760
591 _aClass code: DS 110.
591 _aCourse: Introduction to development studies.
591 _aSchool: S05.
591 _aLecturer: Mr. TIYAONSE, C.K.
591 _aNumber of Students: 67.
900 _2MAIN
_8HC502
_9NKR
_c2
909 _aBook
999 _c8331
_d8331